| 000 | 01180nam a2200289 4500 | ||
|---|---|---|---|
| 003 | EC-UNACH | ||
| 006 | s||||gr|||| 00| 00 | ||
| 008 | 150116t9999 mx r gr 000 0 spa d | ||
| 020 | _a978-84-8363-285-7 | ||
| 040 |
_aEC-UNACH _cEC-UNACH |
||
| 041 | _aspa | ||
| 082 | 0 | 4 |
_223 _a510 _bL018657 |
| 100 | _aAlamar, Miguel | ||
| 245 | _aMatemáticas Básicas | ||
| 250 | _aPrimera Edición | ||
| 264 |
_aValencia _bEditorial de la UPV _c2008 |
||
| 300 |
_a258 paginas _bgráficos _c24 cm. |
||
| 500 | _aEl libro, concebido como un curso teórico-practico trata algunos temas cuyo conocimiento es imprescindible para los alumnos | ||
| 505 | _aPolinomios y fracciones racionales.- Funciones polinómicas y racionales.- Resolución de ecuaciones e inecuaciones.- Cónicas.- Funciones exponenciales y logarítmicas.- Funciones circulares y trigonometría.- Continuidad.- Derivabilidad.- Estudio local y grafica de una función.- Cálculo de primitivas | ||
| 650 | _aLA HIPERBOLA | ||
| 650 | _aCONCAVIDAD | ||
| 650 | _aPOLINOMIOS | ||
| 942 |
_2ddc _c1 |
||
| 999 | _c14472 | ||